000 00275nam a22001337a 4500
008 170315b xxu||||| |||| 00| 0 eng d
020 _a0721690386
041 _aeng
080 _a591
100 _a7
101 _aSHM
245 _aGENERAL ZOOLOGY
_cVILLEE
942 _2udc
_cBK
999 _c7799
_d7799